[Event "Titled Tuesday intern op 27th Jun Late"]
[Site "Chess.com INT"]
[Date "2023.06.27"]
[Round "10"]
[White "Wendt, Jan Dietrich"]
[Black "Broca Jimenez, Fernando"]
[Result "0-1"]
[WhiteElo "2273"]
[BlackElo "2075"]
[PlyCount "100"]
[EventDate "2023.06.27"]
[EventType "swiss (blitz)"]
[EventRounds "11"]
[EventCountry "USA"]
[SourceTitle "EXT 2024"]
[Source "ChessBase"]
[SourceDate "2023.10.10"]
[SourceVersion "1"]
[SourceVersionDate "2023.10.10"]
[SourceQuality "1"]

1. Nf3 b6 2. e4 Bb7 3. Nc3 e6 4. d4 Bb4 5. Bd3 Nf6 6. Qe2 d5 7. exd5 Nxd5 8. 0-0 Nxc3 9. bxc3 Bxc3 10. Bg5 Qd5 11. Rad1 Nd7 12. Bf4 Rc8 13. Ba6 0-0 14. Bxb7 Qxb7 15. Rd3 Bb4 16. Ne5 Nxe5 17. Bxe5 f6 18. Bf4 Rfe8 19. c3 Bd6 20. Bg3 Bxg3 21. Rxg3 Rcd8 22. Re1 c6 23. h4 e5 24. Re3 Rd5 25. h5 Qf7 26. h6 g6 27. Qg4 f5 28. Qh4 e4 29. f3 c5 30. fxe4 fxe4 31. Rxe4 Rxe4 32. Qxe4 cxd4 33. cxd4 Rd8 34. Qe7 Rxd4 35. Qg5 Rd7 36. Rc1 Qe8 37. Qg3 Rd8 38. Qb3+ Qf7 39. Qc3 Qd7 40. Rf1 Qd4+ 41. Qxd4 Rxd4 42. Rc1 Rd7 43. Rc8+ Kf7 44. Rh8 Kf6 45. Rf8+ Kg5 46. Ra8 Kxh6 47. Kh2 Kg5 48. Kg3 h5 49. Kh3 Rd3+ 50. g3 Ra3 0-1

[Event "Titled Tuesday intern op 02nd May Late"]
[Site "Chess.com INT"]
[Date "2023.05.02"]
[Round "7"]
[White "Broca Jimenez, Fernando"]
[Black "Bueno, Alfeu Varela Jr"]
[Result "0-1"]
[WhiteElo "2075"]
[BlackElo "2135"]
[PlyCount "78"]
[EventDate "2023.05.02"]
[EventType "swiss (blitz)"]
[EventRounds "11"]
[EventCountry "USA"]
[SourceTitle "EXT 2024"]
[Source "ChessBase"]
[SourceDate "2023.10.10"]
[SourceVersion "1"]
[SourceVersionDate "2023.10.10"]
[SourceQuality "1"]

1. e4 e6 2. d4 d5 3. exd5 exd5 4. Bd3 Nc6 5. Ne2 Qh4 6. c3 Bd6 7. g3 Qh5 8. Bf4 Bxf4 9. Nxf4 Qxd1+ 10. Kxd1 Bg4+ 11. Kc2 0-0-0 12. Re1 g5 13. Ne2 h5 14. Nd2 h4 15. f3 Be6 16. g4 Nge7 17. h3 f5 18. b4 Rdf8 19. b5 Na5 20. Nf4 gxf4 21. Rxe6 Kd8 22. Rae1 Rh7 23. gxf5 Nxf5 24. Nb3 Nxb3 25. Kxb3 Rg7 26. R1e5 Ne3 27. c4 Rg3 28. cxd5 Rxf3 29. Be4 Rxh3 30. Kb4 f3 31. d6 f2 32. dxc7+ Kxc7 33. Re7+ Kd8 34. Bd3 Nc2+ 35. Bxc2 f1Q 36. R7e6 Qf2 37. Bb3 Qxd4+ 38. Ka3 Rd3 39. Rd5+ Qxd5 0-1

[Event "Titled Tuesday intern op 02nd May Late"]
[Site "Chess.com INT"]
[Date "2023.05.02"]
[Round "2"]
[White "Broca Jimenez, Fernando"]
[Black "Principe, Alexander"]
[Result "0-1"]
[WhiteElo "2075"]
[BlackElo "2295"]
[PlyCount "148"]
[EventDate "2023.05.02"]
[EventType "swiss (blitz)"]
[EventRounds "11"]
[EventCountry "USA"]
[SourceTitle "EXT 2024"]
[Source "ChessBase"]
[SourceDate "2023.10.10"]
[SourceVersion "1"]
[SourceVersionDate "2023.10.10"]
[SourceQuality "1"]

1. e4 c5 2. c3 e6 3. d4 d5 4. dxc5 Bxc5 5. exd5 Qxd5 6. Qxd5 exd5 7. Nf3 Ne7 8. Bd3 Nbc6 9. Bf4 Bg4 10. Ne5 Nxe5 11. Bxe5 f6 12. Bf4 Ng6 13. Bg3 Ne5 14. Bb5+ Kf7 15. 0-0 a6 16. Ba4 b5 17. Bc2 Rhe8 18. Nd2 Nc4 19. Nb3 Bb6 20. Rab1 Rac8 21. h3 Be2 22. Rfe1 a5 23. Nd4 Bxd4 24. cxd4 g6 25. Bb3 Nb6 26. a3 Bc4 27. Bc2 Ba2 28. Rxe8 Rxe8 29. Rc1 a4 30. Bf4 Bc4 31. Be3 f5 32. g3 Nd7 33. Bd1 Nf6 34. Bf3 h5 35. h4 Re6 36. Bg2 Ne4 37. Bxe4 dxe4 38. Kg2 Rd6 39. Rc3 Ke6 40. f3 Kd5 41. Kf2 exf3 42. Kxf3 Re6 43. Kf2 Re4 44. Kf3 Kd6 45. Kf2 Kd5 46. Kf3 Re8 47. Kf2 Re6 48. Rc1 Rc6 49. Rd1 Rb6 50. Rc1 b4 51. Rc3 bxc3 52. bxc3 Rb3 53. Kf3 Rxc3 54. Kf4 Rxe3 55. Kxe3 Bb5 56. Kf4 Kxd4 57. Kg5 Be8 58. Kf6 Ke4 59. Ke7 Kf3 60. Kxe8 Kxg3 61. Kf7 Kxh4 62. Kxg6 Kg4 63. Kf6 f4 64. Ke5 f3 65. Kd4 f2 66. Kc4 f1Q+ 67. Kb4 Qf4+ 68. Kb5 Qd4 69. Ka6 Qb2 70. Ka5 h4 71. Ka6 h3 72. Ka5 h2 73. Ka6 h1Q 74. Ka5 Qa8# 0-1

[Event "Titled Tuesday intern op 02nd May Late"]
[Site "Chess.com INT"]
[Date "2023.05.02"]
[Round "8"]
[White "Dobrijevic, Milan"]
[Black "Broca Jimenez, Fernando"]
[Result "1/2-1/2"]
[WhiteElo "2208"]
[BlackElo "2075"]
[PlyCount "75"]
[EventDate "2023.05.02"]
[EventType "swiss (blitz)"]
[EventRounds "11"]
[EventCountry "USA"]
[SourceTitle "EXT 2024"]
[Source "ChessBase"]
[SourceDate "2023.10.10"]
[SourceVersion "1"]
[SourceVersionDate "2023.10.10"]
[SourceQuality "1"]

1. e4 c5 2. Nc3 g6 3. d4 cxd4 4. Qxd4 Nf6 5. e5 Nc6 6. Qh4 Ng8 7. Bf4 Bg7 8. Nf3 Qa5 9. 0-0-0 Nxe5 10. Nxe5 Bxe5 11. Bxe5 Qxe5 12. Bc4 Nf6 13. Rhe1 Qf5 14. Bd3 g5 15. Bxf5 gxh4 16. Nb5 Kf8 17. Nc7 Rb8 18. Rd4 d6 19. Bxc8 Rxc8 20. Nd5 Nxd5 21. Rxd5 Rg8 22. g3 hxg3 23. hxg3 Rg6 24. c3 b6 25. a4 Rc4 26. a5 Rc5 27. Rxc5 bxc5 28. Kc2 Ke8 29. b4 cxb4 30. cxb4 Rg5 31. Kb3 a6 32. Ka4 Kd7 33. Rh1 h5 34. Rb1 Kc6 35. Rc1+ Kd7 36. Rb1 Kc6 37. Rc1+ Kd7 38. Rb1 1/2-1/2

[Event "Titled Tuesday intern op 02nd May Late"]
[Site "Chess.com INT"]
[Date "2023.05.02"]
[Round "11"]
[White "Martic, Ivan"]
[Black "Broca Jimenez, Fernando"]
[Result "1-0"]
[WhiteElo "2301"]
[BlackElo "2075"]
[PlyCount "65"]
[EventDate "2023.05.02"]
[EventType "swiss (blitz)"]
[EventRounds "11"]
[EventCountry "USA"]
[SourceTitle "EXT 2024"]
[Source "ChessBase"]
[SourceDate "2023.10.10"]
[SourceVersion "1"]
[SourceVersionDate "2023.10.10"]
[SourceQuality "1"]

1. e4 c5 2. Nf3 g6 3. g3 Nc6 4. Bg2 Nf6 5. d3 Bg7 6. 0-0 0-0 7. c3 d5 8. Nbd2 dxe4 9. dxe4 Bg4 10. Qc2 h6 11. h3 Be6 12. Rd1 Qc7 13. Bf1 Rad8 14. Kh2 a6 15. a4 Na5 16. Re1 Qb6 17. b4 cxb4 18. cxb4 Nc6 19. Nc4 Bxc4 20. Bxc4 Nxb4 21. Qe2 Ng4+ 22. hxg4 Bxa1 23. Be3 Qf6 24. Bxh6 Bc3 25. Rc1 Qh8 26. g5 Bg7 27. Kg2 Bxh6 28. Rh1 Nc6 29. Rxh6 Nd4 30. Rxh8+ Kxh8 31. Qb2 e5 32. Nxe5 Kg8 33. Ng4 1-0

[Event "Titled Tuesday intern op 25th Apr Late"]
[Site "Chess.com INT"]
[Date "2023.04.25"]
[Round "1"]
[White "Broca Jimenez, Fernando"]
[Black "Martinez Ramirez, Lennis"]
[Result "0-1"]
[WhiteElo "2075"]
[BlackElo "2428"]
[PlyCount "108"]
[EventDate "2023.04.25"]
[EventType "swiss (blitz)"]
[EventRounds "11"]
[EventCountry "USA"]
[SourceTitle "EXT 2024"]
[Source "ChessBase"]
[SourceDate "2023.10.10"]
[SourceVersion "1"]
[SourceVersionDate "2023.10.10"]
[SourceQuality "1"]

1. e4 c5 2. Nf3 Nc6 3. d4 cxd4 4. Nxd4 Nf6 5. Nc3 e5 6. Ndb5 d6 7. Nd5 Nxd5 8. exd5 Nb8 9. Be2 Be7 10. 0-0 0-0 11. c4 Nd7 12. Be3 a6 13. Nc3 f5 14. f3 Bg5 15. Bf2 Nf6 16. Re1 b6 17. Qb3 Nd7 18. Rad1 a5 19. Nb5 Nc5 20. Qc2 f4 21. b3 Bf5 22. Qc1 e4 23. fxe4 f3 24. Be3 Bxe3+ 25. Qxe3 fxe2 26. Rxe2 Bxe4 27. Rde1 Rc8 28. Nd4 Bg6 29. Nc6 Qf6 30. Ne7+ Kh8 31. Nxc8 Rxc8 32. a3 h5 33. b4 axb4 34. axb4 Nd3 35. Rf1 Qh4 36. g3 Qxc4 37. Rd1 Qxd5 38. Red2 Rc3 39. Qf4 Nxf4 40. Rxd5 Nxd5 41. Rxd5 Rc6 42. b5 Rc5 43. Rxd6 Be8 44. Rxb6 Rxb5 45. Re6 Bf7 46. Re2 Kh7 47. Kf2 Kg6 48. h4 Kf6 49. Rd2 Rf5+ 50. Kg2 Bd5+ 51. Kh2 Ke5 52. Kh3 Rf1 53. Re2+ Be4 54. Re3 Rh1# 0-1

[Event "Titled Tuesday intern op 18th Apr Late"]
[Site "Chess.com INT"]
[Date "2023.04.18"]
[Round "3"]
[White "Argandona Riveiro, Inigo"]
[Black "Broca Jimenez, Fernando"]
[Result "1-0"]
[WhiteElo "2355"]
[BlackElo "2075"]
[PlyCount "45"]
[EventDate "2023.04.18"]
[EventType "swiss (blitz)"]
[EventRounds "11"]
[EventCountry "USA"]
[SourceTitle "EXT 2024"]
[Source "ChessBase"]
[SourceDate "2023.10.10"]
[SourceVersion "1"]
[SourceVersionDate "2023.10.10"]
[SourceQuality "1"]

1. Nf3 c5 2. c4 g6 3. d4 Bg7 4. e4 cxd4 5. Nxd4 Nc6 6. Be3 Nf6 7. Nc3 0-0 8. Be2 d6 9. 0-0 Bd7 10. h3 Nxd4 11. Bxd4 Bc6 12. Qc2 Nd7 13. Bxg7 Kxg7 14. b4 Nf6 15. b5 Bd7 16. Rfd1 Be6 17. Rac1 Rc8 18. e5 Ne8 19. exd6 Nxd6 20. Ne4 Qb6 21. c5 Nxe4 22. Qb2+ Nf6 23. cxb6 1-0

[Event "Titled Tuesday intern op 18th Apr Early"]
[Site "Chess.com INT"]
[Date "2023.04.18"]
[Round "6"]
[White "Avazkhonov, Alikhon"]
[Black "Broca Jimenez, Fernando"]
[Result "0-1"]
[WhiteElo "1538"]
[BlackElo "2075"]
[PlyCount "58"]
[EventDate "2023.04.18"]
[EventType "swiss (blitz)"]
[EventRounds "11"]
[EventCountry "USA"]
[SourceTitle "EXT 2024"]
[Source "ChessBase"]
[SourceDate "2023.10.10"]
[SourceVersion "1"]
[SourceVersionDate "2023.10.10"]
[SourceQuality "1"]

1. d4 Nf6 2. c4 e6 3. Nc3 Bb4 4. e3 0-0 5. Bd3 c5 6. Nge2 d5 7. cxd5 exd5 8. 0-0 Nc6 9. a3 cxd4 10. axb4 dxc3 11. b5 cxb2 12. Bxb2 Ne7 13. Bxf6 gxf6 14. Nf4 Ng6 15. Qh5 Kg7 16. Ra4 Re8 17. Rd4 Re5 18. Qf3 f5 19. Nxd5 Qf8 20. Qg3 Be6 21. Nf4 Qe7 22. Nxe6+ Qxe6 23. h4 h5 24. Qg5 f4 25. Bxg6 Rxg5 26. Bxh5 Rxh5 27. Rxf4 Rf5 28. Rg4+ Kf8 29. Rg3 Rb8 0-1